|
|
|
|
| LEADER |
00635cam a2200205 7i4500 |
| 001 |
0000027737 |
| 005 |
20200603090000.0 |
| 020 |
|
|
|a 1901346668 (pbk.)
|
| 020 |
|
|
|a 9781901346664
|
| 040 |
|
|
|a OhCoOLI
|
| 090 |
0 |
0 |
|a RC903
|b .C73 2005
|
| 245 |
0 |
0 |
|a Critical care nephrology
|c editor, Bruce A. Molitoris.
|
| 260 |
|
|
|a Chicago, IL.:
|b Remedica,
|c 2005.
|
| 300 |
|
|
|a xii, 196 p.:
|b ill.;
|c 24 cm.
|
| 650 |
0 |
0 |
|a Kidney Diseases --
|x therapy
|
| 650 |
0 |
0 |
|a Renal intensive care
|
| 650 |
0 |
0 |
|a Intensive care units
|
| 700 |
1 |
|
|a Molitoris, Bruce A
|
| 997 |
|
|
|a Health Sciences, Faculty
|
| 999 |
|
|
|a 0000036758
|b BOK
|c OPEN SHELF
|e 1st Floor, Shah Alam
|